Спецсообщение РУ Генштаба Красной армии "О греческой армии"

RUSMARC
00003876cam0a2200289#x 450
001df077b30-b9ac-4917-8390-f634654820e4
00520210827144035.0
100##$a20210823j19401029k###0rusy50 ca
1010#$arus
102##$aRU
105##$ay###z########
1220#$ad19401029##
2001#$aСпецсообщение РУ Генштаба Красной армии "О греческой армии"
$j29 октября 1940 г.
251##$cДокумент
300##$aПодлинник
461#0$12001
$aФ. 33988
$1251
$cФонд
$1852
$j33988
462#0$12001
$aОп. 4а
$1251
$cОпись
$1852
$j
462#0$12001
$aД. 36
$vЛ. 474-475
$1251
$cДело
$1852
$j36
605##$2prlib_sh
$3LIBNET\UAF\0000088514
$aВторая мировая война в архивных документах (Комплекс оцифрованных архивных документов, кино- и фотоматериалов)
$lколлекция
617##$2prlib_sh
$aГреция
$f1940
686##$a63.3(4Гре)62-35ю11
$vLBC/M
$2rubbk
801#0$aRU
$bПБ им. Б.Н. Ельцина
$c20210823
801#1$aRU
$bПБ им. Б.Н. Ельцина
$c20210823
$2rusmarc
801#2$aRU
$bПБ им. Б.Н. Ельцина
$c20210827
$2rusmarc
850##$aРоссийский государственный военный архив
852##$aРГВА
$jЛ. 474-475
8564#$nПБ им. Б.Н. Ельцина
$uhttp://readingroom.main.prlib.ru/item.aspx?id_node=n167742482&mode=full
035##$aLIBNET\0001178268
937##$d167742482
$hФедеральное архивное агентство
Формат отображения